| Tag |
First Indicator |
Second Indicator |
Subfields |
| LEADER |
00000cam a2200000 a 4500 |
| 001 |
in00001410119 |
| 005 |
20151020060859.0 |
| 008 |
970604s1997 ctuaf b 001 0 eng |
| 010 |
|
|
|a 97024370
|
| 015 |
|
|
|a GB97-75245
|
| 020 |
|
|
|a 0300071426 (alk. paper)
|
| 035 |
|
|
|a (OCoLC)37211198
|
| 035 |
|
|
|9 AHN8081AM
|
| 040 |
|
|
|a DLC
|c DLC
|d OBE
|d UKM
|d TXA
|d UtOrBLW
|
| 043 |
|
|
|a e------
|
| 049 |
|
|
|a TXAM
|
| 050 |
0 |
0 |
|a CB351
|b .C54 1997
|
| 082 |
0 |
0 |
|a 940
|2 21
|
| 100 |
1 |
|
|a Colish, Marcia L.
|
| 245 |
1 |
0 |
|a Medieval foundations of the western intellectual tradition, 400-1400 /
|c Marcia L. Colish.
|
| 263 |
|
|
|a 9709
|
| 264 |
|
1 |
|a New Haven :
|b Yale University Press,
|c [1997]
|
| 264 |
|
4 |
|c ©1997
|
| 300 |
|
|
|a xii, 388 pages, 16 unnumbered pages of plates :
|b illustrations ;
|c 25 cm.
|
| 336 |
|
|
|a text
|b txt
|2 rdacontent
|
| 337 |
|
|
|a unmediated
|b n
|2 rdamedia
|
| 338 |
|
|
|a volume
|b nc
|2 rdacarrier
|
| 490 |
1 |
|
|a Yale intellectual history of the West
|
| 504 |
|
|
|a Includes bibliographical references (pages [360]-369) and index.
|
| 651 |
|
0 |
|a Europe
|x Intellectual life.
|
| 650 |
|
0 |
|a Learning and scholarship
|x History
|y Medieval, 500-1500.
|
| 650 |
|
0 |
|a Comparative civilization.
|
| 830 |
|
0 |
|a Yale intellectual history of the West.
|
| 948 |
|
|
|a c:jlg
|
| 999 |
|
|
|a MARS
|
| 999 |
f |
f |
|s d82699e0-5756-327a-a592-aa0bd04fb20f
|i 6b53bbb4-4596-3a0c-bddc-ef22c7b7e8a9
|t 0
|
| 952 |
f |
f |
|p ric
|a Texas A&M University
|b Rellis Campus
|c Joint Library Facility
|d Remote Storage
|t 0
|e CB351 .C54 1997
|h Library of Congress classification
|i unmediated -- volume
|m A14822154678
|
| 998 |
f |
f |
|a CB351 .C54 1997
|t 0
|l Remote Storage
|